[Event "DVM U16 2020"]
[Site "Willingen GER"]
[Date "2021.06.26"]
[Round "5"]
[White "Schuh, Ramon"]
[Black "Wildner, Mateo"]
[Result "1/2-1/2"]
[Termination "normal"]
[Board "8.4"]
[WhiteElo "1378"]
[BlackElo "1176"]
[WhiteClock "00:16:34"]
[BlackClock "00:47:21"]
[WhiteTeam "FVS ASP Hoyerswerda"]
[BlackTeam "Erfurter Schachklub"]
[PlyCount "106"]
[WhiteFideId "16215982"]
[BlackFideId "34605991"]
[EventCountry "GER"]
[EventRounds "7"]
[EventType "team-swiss"]
[EventDate "2021.06.23"]

1. e4 {[%clk 1:30:55]} c5 {[%clk 1:30:57]} 2. Nc3 {[%clk 1:31:16]} d6 {[%clk
1:31:22]} 3. g3 {[%clk 1:31:33]} g6 {[%clk 1:31:33]} 4. Bg2 {[%clk 1:31:50]}
Bg7 {[%clk 1:31:48]} 5. d3 {[%clk 1:31:43]} Nc6 {[%clk 1:32:05]} 6. Be3 {[%clk
1:31:51]} Rb8 {[%clk 1:32:00]} 7. Qd2 {[%clk 1:30:39]} b5 {[%clk 1:30:48]} 8.
Nge2 {[%clk 1:27:59]} b4 {[%clk 1:28:45]} 9. Nd1 {[%clk 1:26:18]} Nd4 {[%clk
1:28:18]} 10. O-O {[%clk 1:18:41]} Nxe2+ {[%clk 1:27:43]} 11. Qxe2 {[%clk
1:18:54]} Nf6 {[%clk 1:28:07]} 12. h3 {[%clk 1:16:57]} O-O {[%clk 1:25:32]} 13.
f4 {[%clk 1:12:43]} a5 {[%clk 1:16:55]} 14. f5 {[%clk 1:04:01]} Ba6 {[%clk
1:12:21]} 15. g4 {[%clk 0:58:50]} Qc7 {[%clk 1:02:32]} 16. Nf2 {[%clk 0:49:38]}
d5 {[%clk 0:56:47]} 17. Nh1 {[%clk 0:41:38]} Nxe4 {[%clk 0:49:21]} 18. Bf4
{[%clk 0:21:41]} Bd4+ {[%clk 0:46:04]} 19. Kh2 Be5 {[%clk 0:44:13]} 20. Qe3
{[%clk 0:12:46]} Bxf4+ {[%clk 0:44:28]} 21. Qxf4 {[%clk 0:12:01]} Qxf4+ {[%clk
0:44:07]} 22. Rxf4 {[%clk 0:12:23]} g5 {[%clk 0:44:14]} 23. Rf3 {[%clk
0:11:34]} Nf6 {[%clk 0:44:19]} 24. Re3 {[%clk 0:10:45]} Rfe8 {[%clk 0:44:20]}
25. Rae1 {[%clk 0:09:57]} Kf8 {[%clk 0:44:44]} 26. Re5 {[%clk 0:09:03]} Bb7
{[%clk 0:44:17]} 27. Ng3 {[%clk 0:09:07]} Nd7 {[%clk 0:39:42]} 28. R5e2 {[%clk
0:08:10]} Ba8 {[%clk 0:33:29]} 29. Nf1 {[%clk 0:04:32]} Rb6 {[%clk 0:31:34]}
30. Nd2 {[%clk 0:03:35]} e6 {[%clk 0:30:34]} 31. Nf3 {[%clk 0:03:17]} h6 {[%clk
0:29:12]} 32. Kg3 {[%clk 0:02:31]} d4 {[%clk 0:28:29]} 33. fxe6 {[%clk
0:02:44]} Rbxe6 {[%clk 0:28:09]} 34. Rxe6 {[%clk 0:03:01]} Rxe6 {[%clk
0:28:37]} 35. Rxe6 {[%clk 0:03:18]} fxe6 {[%clk 0:29:05]} 36. Ne5 {[%clk
0:02:06]} Nxe5 {[%clk 0:28:20]} 37. Bxa8 {[%clk 0:02:23]} Nd7 {[%clk 0:28:05]}
38. h4 {[%clk 0:01:33]} Ke7 {[%clk 0:28:06]} 39. hxg5 {[%clk 0:01:30]} hxg5
{[%clk 0:28:30]} 40. Be4 {[%clk 0:00:43]} Kd6 {[%clk 0:28:35]} 41. Bf3 {[%clk
0:26:14]} Ke5 {[%clk 0:58:05]} 42. Bg2 {[%clk 0:21:11]} Nb6 {[%clk 0:57:25]}
43. b3 {[%clk 0:18:25]} Nd5 {[%clk 0:54:51]} 44. Bxd5 {[%clk 0:17:07]} exd5
{[%clk 0:55:11]} 45. Kf3 {[%clk 0:16:32]} Kd6 {[%clk 0:55:03]} 46. Kg3 Kc6
{[%clk 0:55:21]} 47. Kf3 {[%clk 0:16:11]} a4 {[%clk 0:47:16]} 48. Kg3 c4 {[%clk
0:47:27]} 49. Kf3 {[%clk 0:16:17]} axb3 {[%clk 0:46:55]} 50. axb3 {[%clk
0:16:34]} Kc5 {[%clk 0:47:21]} 51. dxc4 dxc4 52. Ke4 d3 53. cxd3 cxb3 1/2-1/2

[Event "DVM U16 2020"]
[Site "Willingen GER"]
[Date "2021.06.26"]
[Round "5"]
[White "Farokhi, Keyvan"]
[Black "Sabirov, Rafael"]
[Result "1-0"]
[Termination "normal"]
[Board "9.1"]
[WhiteElo "2059"]
[BlackElo "1635"]
[WhiteTeam "SK Doppelbauer Kiel"]
[BlackTeam "Schachgemeinschaft Porz e. V."]
[PlyCount "57"]
[WhiteFideId "12998630"]
[BlackFideId "16241185"]
[EventCountry "GER"]
[EventRounds "7"]
[EventType "team-swiss"]
[EventDate "2021.06.23"]

{normal} 1. e4 c5 2. Nf3 e6 3. d4 cxd4 4. Nxd4 a6 5. Nc3 Qc7 6. Bd3 Nf6 7. O-O
d6 8. a4 b6 9. Kh1 Bb7 10. f4 Nbd7 11. Qe2 Nc5 12. Bd2 Be7 13. Rae1 Nxd3 14.
cxd3 O-O 15. e5 Nd7 16. Qg4 Kh8 17. exd6 Bxd6 18. Re3 Nf6 19. Qh4 Bc5 20. Nce2
Qd7 21. f5 Qd5 22. Rg3 Be7 23. Bg5 e5 24. Rf2 Ng8 25. Bxe7 Nxe7 26. f6 Ng6 27.
fxg7+ Kxg7 28. Qf6+ Kg8 29. Nf5 1-0

[Event "DVM U16 2020"]
[Site "Willingen GER"]
[Date "2021.06.26"]
[Round "5"]
[White "Bolz, Jannis"]
[Black "Rempe, Jonas"]
[Result "0-1"]
[Termination "normal"]
[Board "9.2"]
[WhiteElo "1636"]
[BlackElo "1957"]
[WhiteTeam "Schachgemeinschaft Porz e. V."]
[BlackTeam "SK Doppelbauer Kiel"]
[PlyCount "92"]
[WhiteFideId "16214897"]
[BlackFideId "16202406"]
[EventCountry "GER"]
[EventRounds "7"]
[EventType "team-swiss"]
[EventDate "2021.06.23"]

{normal} 1. e4 e5 2. Nf3 Nc6 3. Bc4 Nf6 4. d4 exd4 5. O-O Nxe4 6. Re1 d5 7.
Bxd5 Qxd5 8. Nc3 Qh5 9. Nxe4 Be6 10. Bg5 Bd6 11. Nxd6+ cxd6 12. Bf4 Qd5 13. c3
Qf5 14. cxd4 Qxf4 15. d5 O-O 16. dxe6 fxe6 17. Qd2 Qxd2 18. Nxd2 e5 19. Nc4
Rad8 20. Rad1 Nd4 21. Re3 Rfe8 22. f3 b5 23. Na5 Kf7 24. Kf1 Rd7 25. Red3 d5
26. Rc1 Nf5 27. Rc5 d4 28. Nc6 Kf6 29. g4 Ne3+ 30. Kf2 Rd5 31. Rxd5 Nxd5 32.
Nxa7 b4 33. a3 Ra8 34. Nc6 Rc8 35. Nxb4 Nxb4 36. axb4 Rc2+ 37. Kg3 Rxb2 38. Ra3
Ke6 39. Ra6+ Kd5 40. Ra5+ Kc4 41. Rxe5 d3 42. Re4+ Kc3 43. Re3 Re2 44. Kf4 Rxe3
45. Kxe3 d2 46. Ke2 Kc2 0-1

[Event "DVM U16 2020"]
[Site "Willingen GER"]
[Date "2021.06.26"]
[Round "5"]
[White "Steinbach, Julian"]
[Black "Kazimov, Alis"]
[Result "1-0"]
[Termination "normal"]
[Board "9.3"]
[WhiteElo "1704"]
[BlackElo "1341"]
[WhiteTeam "SK Doppelbauer Kiel"]
[BlackTeam "Schachgemeinschaft Porz e. V."]
[PlyCount "51"]
[WhiteFideId "16247973"]
[BlackFideId "16255348"]
[EventCountry "GER"]
[EventRounds "7"]
[EventType "team-swiss"]
[EventDate "2021.06.23"]

{normal} 1. e4 e5 2. Nf3 d6 3. d4 exd4 4. Nxd4 Nc6 5. Nc3 h6 6. Be3 Nf6 7. f3
Be7 8. Be2 O-O 9. Qd2 a6 10. O-O-O Re8 11. g4 Nd7 12. Nf5 Bf8 13. h4 Ne7 14.
Rdg1 Nxf5 15. gxf5 Kh7 16. Nd5 Be7 17. Rg2 c6 18. Nxe7 Qxe7 19. Rhg1 Rg8 20.
Bxh6 g6 21. h5 Ne5 22. hxg6+ fxg6 23. Bg5 Qf7 24. Rh2+ Kg7 25. Bh6+ Kh7 26.
Bf8# 1-0

[Event "DVM U16 2020"]
[Site "Willingen GER"]
[Date "2021.06.26"]
[Round "5"]
[White "Kravtsov, Maksim"]
[Black "Gerold, Robin"]
[Result "1-0"]
[Termination "normal"]
[Board "10.2"]
[WhiteElo "1805"]
[BlackElo "1438"]
[WhiteTeam "Karlsruher SF 1853"]
[BlackTeam "SF HN-Biberach 1978 e.V."]
[PlyCount "125"]
[WhiteFideId "54173868"]
[BlackFideId "16235185"]
[EventCountry "GER"]
[EventRounds "7"]
[EventType "team-swiss"]
[EventDate "2021.06.23"]

{normal} 1. d4 Nf6 2. Nf3 g6 3. Bg5 Bg7 4. Nbd2 d5 5. e3 c6 6. Bd3 Nbd7 7. c3
b6 8. Rc1 Bb7 9. O-O O-O 10. Re1 c5 11. h3 Rc8 12. Bf4 Ne4 13. Bxe4 dxe4 14.
Ng5 Nf6 15. Be5 h6 16. Bxf6 exf6 17. Ngxe4 f5 18. Ng3 f4 19. Ngf1 fxe3 20. fxe3
cxd4 21. exd4 Qg5 22. Nf3 Qa5 23. a3 Qb5 24. b4 a5 25. a4 Bxf3 26. Qxf3 Qxa4
27. bxa5 Qxa5 28. Kh1 Qa3 29. Nd2 Qb2 30. Ne4 Qa3 31. Ra1 Qe7 32. Qd3 Qc7 33.
d5 Qc4 34. Qf3 Qxd5 35. Nf6+ Bxf6 36. Qxd5 Bxc3 37. Rec1 Bxa1 38. Rxa1 Rb8 39.
Rb1 Rfd8 40. Qc6 Rdc8 41. Qd7 Rd8 42. Qa4 h5 43. Kh2 Rdc8 44. Qa6 Ra8 45. Qxb6
Re8 46. Rf1 Rf8 47. Qf6 Rae8 48. Qg5 Re6 49. Rf6 Ree8 50. Qh6 Ra8 51. Kg3 Ra3+
52. Kh4 Ra4+ 53. g4 Ra5 54. Qd2 Rb5 55. Qd3 Ra5 56. Qc3 Rb5 57. Qc4 Re5 58.
Rxg6+ Kh7 59. Rf6 Kg7 60. Qf4 Rfe8 61. Rxf7+ Kg8 62. Qf6 hxg4 63. Qg7# 1-0

[Event "DVM U16 2020"]
[Site "Willingen GER"]
[Date "2021.06.26"]
[Round "5"]
[White "Martsfeld, Jonas"]
[Black "Borodaev, Roman"]
[Result "1-0"]
[Termination "normal"]
[Board "10.3"]
[WhiteElo "1381"]
[BlackElo "1657"]
[WhiteTeam "SF HN-Biberach 1978 e.V."]
[BlackTeam "Karlsruher SF 1853"]
[PlyCount "56"]
[WhiteFideId "16255640"]
[BlackFideId "16274881"]
[EventCountry "GER"]
[EventRounds "7"]
[EventType "team-swiss"]
[EventDate "2021.06.23"]

{normal} 1. e4 c5 2. Nc3 d6 3. f4 Nc6 4. Bc4 e6 5. Nf3 Nf6 6. d3 Be7 7. O-O O-O
8. Qe1 a6 9. Kh1 d5 10. Bb3 dxe4 11. Nxe4 Qc7 12. Bd2 b5 13. Bc3 Nxe4 14. Qxe4
Bb7 15. Qe3 b4 16. Bd2 Ne5 17. Ba4 Nc6 18. Rae1 Kh8 19. f5 Nd8 20. Bb3 Bf6 21.
fxe6 Nxe6 22. Bxe6 fxe6 23. Qxe6 Bxb2 24. Ng5 Bf6 25. Qf5 g6 26. Qe6 Bc8 27.
Qd5 Bd7 28. Nf7+ Kg7 1-0

[Event "DVM U16 2020"]
[Site "Willingen GER"]
[Date "2021.06.26"]
[Round "5"]
[White "Gülsen, Sinan Yilmaz"]
[Black "Iyengar, Sriram"]
[Result "0-1"]
[Termination "normal"]
[Board "10.4"]
[WhiteElo "1357"]
[BlackElo "1208"]
[WhiteTeam "Karlsruher SF 1853"]
[BlackTeam "SF HN-Biberach 1978 e.V."]
[PlyCount "102"]
[WhiteFideId "34606017"]
[BlackFideId "16269110"]
[EventCountry "GER"]
[EventRounds "7"]
[EventType "team-swiss"]
[EventDate "2021.06.23"]

{normal} 1. e4 e5 2. Nf3 Nc6 3. Bc4 Bc5 4. d3 h6 5. Be3 Bb6 6. c3 d6 7. Nbd2
Bg4 8. b4 Nf6 9. Qb3 O-O 10. Nf1 Qd7 11. a4 a6 12. Bxb6 cxb6 13. h3 Be6 14. Ne3
Ne7 15. Bxe6 fxe6 16. c4 Kh8 17. c5 dxc5 18. bxc5 bxc5 19. Nc4 Rad8 20. Ncxe5
Qd6 21. Qxb7 Kh7 22. Qb3 Rb8 23. Qc3 Nc6 24. Nxc6 Qxc6 25. O-O Rfd8 26. Ne5 Qc7
27. Rfc1 Nd7 28. Nxd7 Qxd7 29. Qxc5 Qxd3 30. Qc4 Qd6 31. Qc6 Qd2 32. Rc2 Qd3
33. Qc4 Qd6 34. Rac1 Rb4 35. Qc6 Qe5 36. Rc5 Qf4 37. Qc7 Qd2 38. R5c2 Qd4 39.
Rc4 Rxc4 40. Qxc4 Qd6 41. Qc2 e5 42. Qc7 Qd2 43. Rb1 Rf8 44. Rf1 Qd4 45. Qc6
Rf6 46. Qd5 Qxa4 47. Qxe5 Qa2 48. Qd4 Qe2 49. f3 a5 50. Qc3 Rg6 51. Ra1 Qxg2#
0-1

[Event "DVM U16 2020"]
[Site "Willingen GER"]
[Date "2021.06.26"]
[Round "6"]
[White "Liebold, Aaron"]
[Black "Stockmann, Till"]
[Result "1/2-1/2"]
[Termination "normal"]
[Board "1.1"]
[WhiteElo "1995"]
[BlackElo "1965"]
[WhiteClock "00:08:11"]
[BlackClock "00:43:28"]
[WhiteTeam "ESV Gera"]
[BlackTeam "Schachzwerge Magdeburg"]
[PlyCount "59"]
[WhiteFideId "12997846"]
[BlackFideId "12979341"]
[EventCountry "GER"]
[EventRounds "7"]
[EventType "team-swiss"]
[EventDate "2021.06.23"]

1. e4 {[%clk 1:30:56]} 1... c5 {[%clk 1:30:44]} 2. Nf3 {[%clk 1:31:09]} 2... e6
{[%clk 1:30:56]} 3. d4 {[%clk 1:31:11]} 3... cxd4 {[%clk 1:31:10]} 4. Nxd4 {
[%clk 1:31:34]} 4... a6 {[%clk 1:31:10]} 5. Bd3 {[%clk 1:31:45]} 5... Nf6 {
[%clk 1:30:27]} 6. O-O {[%clk 1:31:29]} 6... Qc7 {[%clk 1:30:22]} 7. c4 { [%clk
1:30:48]} 7... Be7 {[%clk 1:26:47]} 8. Qe2 {[%clk 1:28:21]} 8... d6 { [%clk
1:26:02]} 9. Be3 {[%clk 1:27:27]} 9... O-O {[%clk 1:24:35]} 10. Nc3 { [%clk
1:26:35]} 10... b6 {[%clk 1:23:57]} 11. Rac1 {[%clk 1:24:28]} 11... Bb7 { [%clk
1:22:43]} 12. f3 {[%clk 1:21:49]} 12... Nbd7 {[%clk 1:19:44]} 13. b3 { [%clk
1:05:06]} 13... Rac8 {[%clk 1:17:42]} 14. Kh1 {[%clk 0:56:59]} 14... Qb8 {[%clk
1:15:52]} 15. Qf2 {[%clk 0:55:10]} 15... Nc5 {[%clk 1:10:01]} 16. Bb1 { [%clk
0:50:43]} 16... d5 {[%clk 1:04:46]} 17. exd5 {[%clk 0:47:12]} 17... exd5 {[%clk
1:04:54]} 18. Nf5 {[%clk 0:39:02]} 18... Rfe8 {[%clk 1:00:08]} 19. Nxd5 {[%clk
0:33:33]} 19... Bxd5 {[%clk 0:53:49]} 20. cxd5 {[%clk 0:31:24]} 20... Nxd5
{[%clk 0:53:20]} 21. Nxe7+ {[%clk 0:28:59]} 21... Rxe7 {[%clk 0:49:05]} 22.
Bxc5 {[%clk 0:27:09]} 22... Rxc5 {[%clk 0:48:48]} 23. Rxc5 {[%clk 0:26:28]}
23... bxc5 {[%clk 0:49:05]} 24. Qxc5 {[%clk 0:21:59]} 24... Qb5 {[%clk 0:49:08]
} 25. Qxb5 {[%clk 0:14:41]} 25... axb5 {[%clk 0:49:11]} 26. a4 {[%clk 0:11:46]}
26... bxa4 {[%clk 0:46:51]} 27. bxa4 {[%clk 0:12:09]} 27... g6 {[%clk 0:46:53]}
28. h3 {[%clk 0:09:15]} 28... Nc3 {[%clk 0:43:29]} 29. a5 {[%clk 0:08:15]}
29... Ra7 {[%clk 0:43:28]} 30. Rc1 {[%clk 0:08:11]} 1/2-1/2

[Event "DVM U16 2020"]
[Site "Willingen GER"]
[Date "2021.06.26"]
[Round "6"]
[White "Heutling, Elina"]
[Black "Müller, Magnus"]
[Result "0-1"]
[Termination "normal"]
[Board "1.2"]
[WhiteElo "1922"]
[BlackElo "2090"]
[WhiteClock "00:21:12"]
[BlackClock "00:56:15"]
[WhiteTeam "Schachzwerge Magdeburg"]
[BlackTeam "ESV Gera"]
[PlyCount "92"]
[WhiteFideId "16244729"]
[BlackFideId "16230060"]
[EventCountry "GER"]
[EventRounds "7"]
[EventType "team-swiss"]
[EventDate "2021.06.23"]

1. e4 {[%clk 1:28:54]} 1... c5 {[%clk 1:30:30]} 2. Nf3 {[%clk 1:29:15]} 2...
Nc6 {[%clk 1:30:38]} 3. d4 {[%clk 1:29:16]} 3... cxd4 {[%clk 1:31:00]} 4. Nxd4
{[%clk 1:29:36]} 4... Nf6 {[%clk 1:31:20]} 5. Nc3 {[%clk 1:30:00]} 5... e5 {
[%clk 1:31:45]} 6. Ndb5 {[%clk 1:30:20]} 6... d6 {[%clk 1:32:07]} 7. Nd5 {
[%clk 1:29:56]} 7... Nxd5 {[%clk 1:32:31]} 8. exd5 {[%clk 1:30:21]} 8... Ne7 {
[%clk 1:32:54]} 9. c4 {[%clk 1:30:25]} 9... Ng6 {[%clk 1:33:19]} 10. h4 { [%clk
1:16:08]} 10... h5 {[%clk 1:20:25]} 11. g3 {[%clk 1:07:46]} 11... a6 { [%clk
1:15:46]} 12. Nc3 {[%clk 1:03:31]} 12... Bg4 {[%clk 1:12:40]} 13. Be2 { [%clk
0:56:30]} 13... Bxe2 {[%clk 0:58:58]} 14. Qxe2 {[%clk 0:56:25]} 14... f5 {[%clk
0:58:05]} 15. Qc2 {[%clk 0:52:54]} 15... e4 {[%clk 0:51:10]} 16. Ne2 { [%clk
0:38:59]} 16... Ne5 {[%clk 0:47:53]} 17. Nf4 {[%clk 0:31:39]} 17... Rc8 { [%clk
0:40:20]} 18. Ne6 {[%clk 0:23:13]} 18... Qa5+ {[%clk 0:33:27]} 19. Bd2 { [%clk
0:20:33]} 19... Qb6 {[%clk 0:32:49]} 20. Be3 {[%clk 0:14:32]} 20... Qb4+ {[%clk
0:31:57]} 21. Qc3 {[%clk 0:13:21]} 21... Rxc4 {[%clk 0:26:19]} 22. Qxb4 {[%clk
0:12:43]} 22... Nd3+ {[%clk 0:26:40]} 23. Ke2 {[%clk 0:09:34]} 23... Nxb4
{[%clk 0:27:01]} 24. Rhc1 {[%clk 0:08:50]} 24... Rxc1 {[%clk 0:25:38]} 25. Rxc1
{[%clk 0:09:18]} 25... Nxd5 {[%clk 0:25:15]} 26. Nc7+ {[%clk 0:05:21]} 26...
Nxc7 {[%clk 0:25:39]} 27. Rxc7 {[%clk 0:05:48]} 27... Be7 {[%clk 0:23:54] } 28.
Rxb7 {[%clk 0:04:23]} 28... Kf7 {[%clk 0:24:15]} 29. Bg5 {[%clk 0:04:08]} 29...
Re8 {[%clk 0:24:42]} 30. b4 {[%clk 0:03:13]} 30... Ke6 {[%clk 0:25:05]} 31.
Rxe7+ {[%clk 0:01:19]} 31... Rxe7 {[%clk 0:25:30]} 32. Bxe7 {[%clk 0:01:46] }
32... Kxe7 {[%clk 0:25:55]} 33. Ke3 {[%clk 0:01:55]} 33... Kd7 { [%clk
0:25:46]} 34. Kd4 {[%clk 0:01:35]} 34... Kc6 {[%clk 0:26:10]} 35. a4 { [%clk
0:01:39]} 35... g6 {[%clk 0:25:09]} 36. Kc4 {[%clk 0:01:59]} 36... Kb6 { [%clk
0:23:53]} 37. Kd5 {[%clk 0:01:47]} 37... Kc7 {[%clk 0:23:59]} 38. b5 { [%clk
0:00:51]} 38... axb5 {[%clk 0:24:25]} 39. axb5 {[%clk 0:01:20]} 39... Kb6
{[%clk 0:24:37]} 40. Kc4 {[%clk 0:00:38]} 40... Ka5 {[%clk 0:24:57]} 41. b6 {
[%clk 0:19:52]} 41... Kxb6 {[%clk 0:55:23]} 42. Kd5 {[%clk 0:20:20]} 42... Kb5
{[%clk 0:55:02]} 43. Kxd6 {[%clk 0:20:05]} 43... Kc4 {[%clk 0:55:28]} 44. Ke5 {
[%clk 0:20:22]} 44... Kd3 {[%clk 0:55:52]} 45. Kf6 {[%clk 0:20:46]} 45... Ke2 {
[%clk 0:56:15]} 46. Kxg6 {[%clk 0:21:12]} 46... Kxf2 0-1

[Event "DVM U16 2020"]
[Site "Willingen GER"]
[Date "2021.06.26"]
[Round "6"]
[White "Schubert, Nikita"]
[Black "Zeuner, Ole"]
[Result "1-0"]
[Termination "normal"]
[Board "1.3"]
[WhiteElo "1917"]
[BlackElo "1770"]
[WhiteTeam "ESV Gera"]
[BlackTeam "Schachzwerge Magdeburg"]
[PlyCount "77"]
[WhiteFideId "16212339"]
[BlackFideId "12943576"]
[EventCountry "GER"]
[EventRounds "7"]
[EventType "team-swiss"]
[EventDate "2021.06.23"]

1. d4 Nf6 2. c4 g6 3. g3 Bg7 4. Bg2 O-O 5. Nc3 d6 6. Nf3 c6 7. O-O Qb6 8. e4 e5
9. dxe5 dxe5 10. Nxe5 Nxe4 11. Nxe4 Bxe5 12. c5 Qc7 13. Qe2 Bf5 14. Bh6 Bg7 15.
Bf4 Qd7 16. Rad1 Qe6 17. b4 a5 18. Rd6 Qe7 19. a3 Nd7 20. Bg5 Qe5 21. Re1 Qb2
22. Qxb2 Bxb2 23. Rb1 Be5 24. Rdd1 f6 25. Be3 a4 26. b5 Rfd8 27. bxc6 bxc6 28.
h4 Rab8 29. Rxb8 Rxb8 30. Nd6 Bc2 31. Rc1 Bb3 32. Bxc6 Nf8 33. Nc4 Ne6 34. Nxe5
fxe5 35. Bd7 Nc7 36. c6 Kf7 37. Bc5 Nb5 38. Bb4 Nd4 39. Kf1 1-0

[Event "DVM U16 2020"]
[Site "Willingen GER"]
[Date "2021.06.26"]
[Round "6"]
[White "Morgenstern, Tobias"]
[Black "Frank, Marek"]
[Result "1-0"]
[Termination "normal"]
[Board "1.4"]
[WhiteElo "1971"]
[BlackElo "1439"]
[WhiteClock "00:23:32"]
[BlackClock "00:26:04"]
[WhiteTeam "Schachzwerge Magdeburg"]
[BlackTeam "ESV Gera"]
[PlyCount "111"]
[WhiteFideId "12974390"]
[BlackFideId "16239520"]
[EventCountry "GER"]
[EventRounds "7"]
[EventType "team-swiss"]
[EventDate "2021.06.23"]

1. e4 {[%clk 1:30:58]} 1... c5 {[%clk 1:30:43]} 2. Nf3 {[%clk 1:31:08]} 2... d6
{[%clk 1:30:59]} 3. d4 {[%clk 1:31:27]} 3... cxd4 {[%clk 1:31:10]} 4. Nxd4 {
[%clk 1:31:52]} 4... Nf6 {[%clk 1:31:27]} 5. Nc3 {[%clk 1:32:19]} 5... a6 {
[%clk 1:31:24]} 6. Rg1 {[%clk 1:31:54]} 6... e5 {[%clk 1:27:31]} 7. Nb3 { [%clk
1:30:44]} 7... h5 {[%clk 1:25:31]} 8. Bg5 {[%clk 1:27:41]} 8... Be7 { [%clk
1:24:56]} 9. Qd2 {[%clk 1:25:18]} 9... Be6 {[%clk 1:20:38]} 10. O-O-O { [%clk
1:22:49]} 10... Nbd7 {[%clk 1:17:36]} 11. f4 {[%clk 1:18:42]} 11... Qb6 { [%clk
1:10:55]} 12. Be2 {[%clk 1:12:47]} 12... exf4 {[%clk 1:05:56]} 13. Qxf4 { [%clk
0:51:54]} 13... Bxb3 {[%clk 0:55:56]} 14. axb3 {[%clk 0:51:37]} 14... Qa5
{[%clk 0:50:36]} 15. Bc4 {[%clk 0:28:56]} 15... Qe5 {[%clk 0:37:32]} 16. Qd2 {
[%clk 0:24:28]} 16... b5 {[%clk 0:31:12]} 17. Bf4 {[%clk 0:16:07]} 17... Qc5 {
[%clk 0:30:01]} 18. Be3 {[%clk 0:15:18]} 18... Qc7 {[%clk 0:27:04]} 19. Nd5 {
[%clk 0:12:46]} 19... Nxd5 {[%clk 0:23:05]} 20. Qxd5 {[%clk 0:11:49]} 20... O-O
{[%clk 0:22:09]} 21. Bd3 {[%clk 0:11:09]} 21... Ne5 {[%clk 0:19:35]} 22. Bf4 {
[%clk 0:07:27]} 22... Bf6 {[%clk 0:17:01]} 23. h3 {[%clk 0:06:16]} 23... Qc5 {
[%clk 0:09:58]} 24. g4 {[%clk 0:04:40]} 24... Qxd5 {[%clk 0:08:35]} 25. exd5 {
[%clk 0:05:06]} 25... hxg4 {[%clk 0:08:31]} 26. hxg4 {[%clk 0:05:23]} 26...
Nxd3+ {[%clk 0:07:08]} 27. Rxd3 {[%clk 0:05:41]} 27... Be5 {[%clk 0:07:14]} 28.
Bxe5 {[%clk 0:04:55]} 28... dxe5 29. Re3 {[%clk 0:04:14]} 29... f6 { [%clk
0:05:23]} 30. c4 {[%clk 0:02:22]} 30... Rfd8 {[%clk 0:04:28]} 31. g5 { [%clk
0:01:48]} 31... Kf7 {[%clk 0:04:09]} 32. Rf1 {[%clk 0:01:38]} 32... Ke7 { [%clk
0:03:54]} 33. Kd2 {[%clk 0:01:10]} 33... Rab8 {[%clk 0:03:11]} 34. Kc3 { [%clk
0:00:47]} 34... Rbc8 {[%clk 0:03:01]} 35. Kd3 {[%clk 0:00:55]} 35... a5 { [%clk
0:02:36]} 36. gxf6+ {[%clk 0:00:53]} 36... gxf6 {[%clk 0:02:54]} 37. Ref3
{[%clk 0:00:55]} 37... Rd6 {[%clk 0:02:34]} 38. Rh3 {[%clk 0:01:05]} 38... Rf8
{[%clk 0:01:56]} 39. Ra1 {[%clk 0:00:42]} 39... bxc4+ {[%clk 0:01:13]} 40. bxc4
{[%clk 0:00:52]} 40... Rb6 {[%clk 0:01:34]} 41. Rh7+ {[%clk 0:23:49]} 41... Rf7
{[%clk 0:27:44]} 42. Rxf7+ {[%clk 0:23:49]} 42... Kxf7 {[%clk 0:27:44]} 43. Kc3
{[%clk 0:23:49]} 43... Ra6 {[%clk 0:27:44]} 44. c5 {[%clk 0:23:49]} 44... Ke7 {
[%clk 0:27:44]} 45. Kc4 {[%clk 0:23:49]} 45... Ra8 {[%clk 0:27:44]} 46. b4 {
[%clk 0:23:49]} 46... a4 {[%clk 0:27:44]} 47. b5 {[%clk 0:23:49]} 47... Rh8 {
[%clk 0:27:44]} 48. Rxa4 {[%clk 0:23:49]} 48... Rh4+ {[%clk 0:27:44]} 49. Kb3 {
[%clk 0:23:49]} 49... Rxa4 {[%clk 0:25:25]} 50. Kxa4 {[%clk 0:22:50]} 50... e4
{[%clk 0:25:15]} 51. Kb4 {[%clk 0:22:25]} 51... f5 {[%clk 0:25:04]} 52. Kc3 {
[%clk 0:22:36]} 52... f4 {[%clk 0:25:20]} 53. Kd2 {[%clk 0:22:48]} 53... f3 {
[%clk 0:25:40]} 54. Ke3 {[%clk 0:23:10]} 54... Kd7 {[%clk 0:25:43]} 55. b6 {
[%clk 0:23:32]} 55... Kc8 {[%clk 0:26:04]} 56. c6 1-0